[Event "Challenge"]
[Site "http://www.queenalice.com/game.php?id=1478101"]
[Date "2017.5.14"]
[Round "-"]
[White "Nikita"]
[Black "arlesiana"]
[Result "1-0"]
[WhiteElo "1470"]
[BlackElo "1486"]

1. e4 e6 2. Bc4 d6 3. Bb5+ c6 4. Ba4 b5 5. Bb3 d5 6. exd5 cxd5 7. d3 Nc6 8. Nc3
Ba6 9. Nf3 b4 10. Na4 Bb5 11. Bg5 f6 12. Bd2 Qa5 13. a3 Bxa4 14. Bxa4 Qxa4 15.
b3 Qb5 16. a4 g5 17. axb5 g4 18. bxc6 Bd6 19. Nd4 Ke7 20. Nb5 a6 21. Nxd6 Kxd6
22. Bxb4+ Kxc6 23. O-O Kb6 24. Re1 e5 25. d4 e4 26. f3 gxf3 27. Ba5+ Kc6 28.
gxf3 Re8 29. fxe4 dxe4 30. d5+ Kd6 31. Bb4+ Ke5 32. d6 Rd8 33. Rxa6 Nh6 34. c3
Rhg8+ 35. Kh1 Kf5 36. Rf1+ Kg6 37. Rg1+ Kf7 38. Rxg8 Nxg8 39. Qd5+ Kg6 40. Qxe4+
f5 41. Qe6+ Nf6 42. d7 Kg5 43. Qe7 Rxd7 44. Qxf6+ Kf4 45. Rd6 Ra7 46. Rd4+ Kf3
47. Qxf5+ Ke3 48. Qe4+ Kf2 49. Qf4+ Ke2 50. Rd2+ Ke1 51. Qf2# 1-0

[Event "Challenge"]
[Site "http://www.queenalice.com/game.php?id=1478102"]
[Date "2017.5.14"]
[Round "-"]
[White "Nikita"]
[Black "arlesiana"]
[Result "0-1"]
[WhiteElo "1506"]
[BlackElo "1508"]

1. e4 e6 2. Nf3 f6 3. d3 d6 4. Nc3 a6 5. Bf4 e5 6. Bg3 Bg4 7. h3 Bxf3 8. gxf3 c6
9. a4 d5 10. exd5 cxd5 11. Bg2 d4 12. Ne4 Qa5+ 13. Nd2 Nd7 14. f4 Ne7 15. fxe5
Nxe5 16. Bxe5 Qxe5+ 17. Kf1 O-O-O 18. Nf3 Qc5 19. c3 Nf5 20. Nxd4 Nxd4 21. cxd4
Qxd4 22. Rc1+ Kb8 23. Rc4 Qb6 24. b4 Qe6 25. Re4 Qd7 26. d4 Bxb4 27. Qb1 f5 28.
Rf4 a5 29. h4 h6 30. Rh3 Qxa4 31. d5 Qb5+ 32. Kg1 Rhf8 33. Rd3 Qb6 34. Bh3 g5
35. hxg5 hxg5 36. Rff3 g4 37. Bxg4 fxg4 38. Rg3 Qxf2+ 39. Kh1 Rh8+ 40. Rh3 Rxh3+
41. Rxh3 gxh3 42. Qd1 Qg2# 0-1

[Event "Challenge"]
[Site "http://www.queenalice.com/game.php?id=1483374"]
[Date "2017.6.23"]
[Round "-"]
[White "talisman77"]
[Black "arlesiana"]
[Result "1-0"]
[WhiteElo "1515"]
[BlackElo "1524"]

1. d4 d5 2. c4 b6 3. Nc3 e6 4. Nf3 f6 5. e3 Bb4 6. Qb3 a5 7. Be2 Bxc3+ 8. bxc3
a4 9. Qc2 dxc4 10. Bxc4 c5 11. O-O Qd6 12. Ba3 Nc6 13. Rab1 g5 14. Rfd1 Nge7 15.
Rxb6 h5 16. Bxc5 Qc7 17. Qe4 1-0

[Event "Challenge"]
[Site "http://www.queenalice.com/game.php?id=1483375"]
[Date "2017.6.23"]
[Round "-"]
[White "talisman77"]
[Black "arlesiana"]
[Result "1-0"]
[WhiteElo "1656"]
[BlackElo "1460"]

1. d4 d5 2. c4 dxc4 3. Nc3 e6 4. Qa4+ c6 5. Qxc4 b5 6. Qb3 a5 7. Bf4 a4 8. Qc2
Qxd4 9. Bc7 Na6 10. Bg3 Nb4 11. Qe4 Qc5 12. Rd1 Bb7 13. e3 Be7 14. Nf3 f6 15. a3
Nd5 16. Qxe6 b4 17. Ne4 Bc8 18. Nxc5 Bxe6 19. Nxe6 Kf7 20. Ned4 bxa3 21. bxa3
Bxa3 22. Nxc6 g5 23. Rxd5 Nh6 24. Bc4 Bb4+ 25. Nxb4 a3 26. O-O Rhc8 27. Rd7+ Ke8
28. Rxh7 Nf5 29. Nd5 Rxc4 30. Nxf6+ Kd8 31. Rh8+ Ke7 32. Rxa8 1-0

[Event "Challenge"]
[Site "http://www.queenalice.com/game.php?id=1483376"]
[Date "2017.6.23"]
[Round "-"]
[White "ajr"]
[Black "arlesiana"]
[Result "0-1"]
[WhiteElo "1653"]
[BlackElo "1437"]

1. c4 c5 2. b3 a5 3. Nf3 b6 4. d4 d5 5. dxc5 dxc4 6. Qxd8+ Kxd8 7. Be3 b5 8. g3
Be6 9. b4 axb4 10. Bg2 c3 11. Ne5 f6 12. Nd3 Ra4 13. Bf4 c2 14. Nd2 Na6 15. Bc6
Bc4 16. Nxc4 bxc4 17. Bxa4 b3 18. Bb5 Nc7 19. Bxc4 e5 20. Bd2 Be7 21. axb3 Kd7
22. Ra7 h5 23. Bb5+ Kc8 24. Ba4 Kb8 25. Rxc7 Kxc7 26. b4 Nh6 27. Bxh6 Rxh6 28.
Bxc2 e4 29. Nf4 f5 30. Kd2 Ra6 31. Nd5+ Kd7 32. Nxe7 Kxe7 33. Kc3 Kd7 34. Rd1+
Kc6 35. Rd6+ Kb7 36. Rxa6 Kxa6 37. Kc4 g6 38. Ba4 g5 39. Bb5+ Kb7 40. Kd5 h4 41.
Kd6 hxg3 42. hxg3 f4 43. Kd7 e3 44. c6+ Kb6 45. c7 exf2 46. c8=Q Kxb5 47. Qc5+
Ka4 48. Qa5+ Kb3 49. Qa1 fxg3 50. Qb1+ Kc3 51. b5 g2 52. Qd3+ Kb4 53. Kc6 f1=Q
54. Qd2+ Ka3 55. b6 g1=Q 56. b7 Qf6+ 57. Qd6+ Qxd6+ 58. Kxd6 Qb6+ 59. Ke5 Qxb7
60. e4 g4 61. Kf4 Qg7 62. e5 g3 63. e6 g2 64. Kf5 g1=Q 65. Ke4 Q1g4+ 66. Kd5 Qe7
67. Ke5 Qexe6# 0-1

[Event "Challenge"]
[Site "http://www.queenalice.com/game.php?id=1483377"]
[Date "2017.6.23"]
[Round "-"]
[White "ajr"]
[Black "arlesiana"]
[Result "1-0"]
[WhiteElo "1626"]
[BlackElo "1452"]

1. g3 e6 2. h4 a5 3. Bg2 b6 4. Bxa8 Qf6 5. Be4 Bc5 6. e3 d5 7. Bg2 d4 8. e4 Bb7
9. e5 Qxe5+ 10. Qe2 Qf6 11. Bxb7 Ne7 12. Be4 Nbc6 13. Bxc6+ Nxc6 14. d3 O-O 15.
Bg5 Qg6 16. a3 h6 17. Bf4 Ne7 18. Bxc7 Rc8 19. Bf4 Nc6 20. Nd2 e5 21. Bxe5 Re8
22. Ngf3 f6 23. Qe4 f5 24. Qd5+ Re6 25. h5 Qe8 26. O-O-O g6 27. hxg6 Nxe5 28.
Nxe5 Bd6 29. Ndf3 b5 30. Rxh6 b4 31. a4 Kg7 32. Rdh1 Bxe5 33. Nxe5 Rxe5 34. Qxd4
b3 35. f4 Kf6 36. fxe5+ Kg7 37. e6+ Kf8 38. Rh7 Qxg6 39. Rh8+ Ke7 40. Re1 Qxg3
41. Rh7+ 1-0

[Event "AUTO-INT-3258"]
[Site "http://www.queenalice.com/game.php?id=1483516"]
[Date "2017.6.23"]
[Round "1"]
[White "krystian"]
[Black "arlesiana"]
[Result "1-0"]
[WhiteElo "1622"]
[BlackElo "1469"]

1. e4 e5 2. Nf3 f6 3. Bc4 d6 4. Nc3 c6 5. d3 Ne7 6. O-O b5 7. Bb3 h5 8. h4 a5 9.
a3 f5 10. exf5 Nxf5 11. Ng5 Nxh4 12. Nf7 Qb6 13. Nxh8 c5 14. Qxh5+ Kd7 15. Qf7+
Kc6 16. Bd5# 1-0

[Event "AUTO-INT-3258"]
[Site "http://www.queenalice.com/game.php?id=1483517"]
[Date "2017.6.23"]
[Round "1"]
[White "arlesiana"]
[Black "krystian"]
[Result "0-1"]
[WhiteElo "1443"]
[BlackElo "1695"]

1. e3 e5 2. g3 d5 3. h4 a6 4. c3 Nc6 5. Qf3 Nf6 6. d4 e4 7. Qg2 b5 8. g4 Nxg4 9.
f3 Nf6 10. fxe4 Nxe4 11. Nf3 Nf6 12. Nbd2 Bg4 13. b3 Be7 14. c4 h5 15. Ne5 Nb4
16. Nb1 Bf5 17. Na3 O-O 18. Rg1 g6 19. Nxf7 Rxf7 20. cxd5 Nbxd5 21. Qg5 Ne4 22.
Qg2 Bxh4+ 23. Kd1 Bg4+ 24. Kc2 Rf2+ 25. Kd3 Nb4+ 26. Kxe4 Qd5# 0-1

[Event "AUTO-INT-3258"]
[Site "http://www.queenalice.com/game.php?id=1483524"]
[Date "2017.6.23"]
[Round "1"]
[White "arlesiana"]
[Black "APSHOOTER"]
[Result "0-1"]
[WhiteElo "1497"]
[BlackElo "1634"]

1. e3 e5 2. Bd3 Nc6 3. Nc3 Nf6 4. a3 a6 5. Ne4 d5 6. Ng3 g6 7. c4 Be6 8. b3 e4
9. cxd5 Bxd5 10. b4 Bd6 11. h3 exd3 12. Nf3 Ne5 13. O-O Nxf3+ 14. gxf3 Be5 15.
Rb1 Qd7 16. e4 Be6 17. Re1 Bxh3 18. Rb3 O-O-O 19. Re3 Qb5 20. Qf1 Bxf1 21. Nxf1
Nh5 22. Ng3 Nxg3 23. fxg3 Bxg3 24. Kg2 Bf4 25. Re1 c5 26. e5 c4 27. Rb2 Bxe5 28.
Kf2 Bxb2 29. Bxb2 Rhe8 30. Rh1 Re2+ 31. Kg3 Qg5+ 32. Kh3 Qh5+ 0-1

[Event "AUTO-INT-3258"]
[Site "http://www.queenalice.com/game.php?id=1483525"]
[Date "2017.6.23"]
[Round "1"]
[White "APSHOOTER"]
[Black "arlesiana"]
[Result "1-0"]
[WhiteElo "1634"]
[BlackElo "1508"]

1. e4 e5 2. Bc4 f6 3. a3 Ne7 4. Nc3 b6 5. h3 a5 6. Nf3 c6 7. Be2 d6 8. d4 c5 9.
Bb5+ Kf7 10. Be3 Nbc6 11. d5 a4 12. Bxc6 h5 13. Qd3 Ba6 14. Nb5 Bxb5 15. Qxb5
Ra5 16. Qe2 Qc8 17. Qc4 Nxc6 18. dxc6+ Ke8 19. Nd2 g5 20. Qd5 Rb5 21. Nc4 g4 22.
O-O-O Be7 23. Nxd6+ Bxd6 24. Qxd6 Kf7 25. Qd7+ Kg6 26. Qxc8 Rxc8 27. Rd6 Ra5 28.
Rhd1 Ra7 29. Rd7 Raa8 30. c7 f5 31. R1d6# 1-0

[Event "To Trump or not to Trump"]
[Site "http://www.queenalice.com/game.php?id=1489873"]
[Date "2017.8.12"]
[Round "-"]
[White "arlesiana"]
[Black "Wigmont"]
[Result "0-1"]
[WhiteElo "1462"]
[BlackElo "1586"]

1. e3 e5 2. f3 d5 3. d4 Bd6 4. Bb5+ Bd7 5. a4 Qg5 6. Qe2 a6 7. Bd3 Nc6 8. c3 Na5
9. Nd2 O-O-O 10. b4 e4 11. fxe4 Nf6 12. bxa5 Rhe8 13. e5 Bg4 14. Ngf3 Qh5 15. h3
Be7 16. Qf1 Ne4 17. Bxe4 dxe4 18. Nxe4 Bf5 19. Nfd2 g6 20. Kf2 Rf8 21. g3 f6 22.
g4 Qh4+ 23. Ng3 Be6 24. Nf3 Qh6 25. e4 Qg7 26. d5 fxe5 27. dxe6 Qf6 28. Qe2 Qxe6
29. Bh6 Bc5+ 30. Kf1 Rg8 31. Nd2 g5 32. Nf5 Qc6 33. h4 Ba7 34. hxg5 Qxc3 35. Rb1
Rxd2 36. Qe1 Qf3+ 0-1

[Event "Challenge"]
[Site "http://www.queenalice.com/game.php?id=1496462"]
[Date "2017.9.25"]
[Round "-"]
[White "Nikita"]
[Black "arlesiana"]
[Result "1-0"]
[WhiteElo "1483"]
[BlackElo "1353"]

1. d3 e5 2. Nf3 f6 3. Nc3 c6 4. a4 a6 5. b3 b5 6. axb5 a5 7. h4 cxb5 8. Nxb5 Ba6
9. Na3 Nc6 10. Bb2 Nb4 11. g3 Bc5 12. d4 Bb6 13. Bc3 Nc6 14. e4 exd4 15. Bxd4
Bxd4 16. Nxd4 Nxd4 17. Qxd4 Ne7 18. Bxa6 Rxa6 19. Nc4 Nc6 20. Nd6+ Ke7 21. Qc5
Na7 22. Nb7+ Ke8 23. Nxd8 Kxd8 24. Qd5 Kc8 25. Qa8+ Kc7 26. Qxh8 1-0

[Event "Challenge"]
[Site "http://www.queenalice.com/game.php?id=1496463"]
[Date "2017.9.25"]
[Round "-"]
[White "Nikita"]
[Black "arlesiana"]
[Result "1-0"]
[WhiteElo "1454"]
[BlackElo "1403"]

1. e3 e5 2. Nc3 f6 3. Bb5 a6 4. Bc4 c6 5. Bxg8 Rxg8 6. Nf3 b5 7. a4 Bb4 8. Ne4
d5 9. Ng3 e4 10. Nh4 g5 11. Nhf5 Bxf5 12. Nxf5 Bf8 13. Nh6 Bxh6 14. axb5 cxb5
15. h4 Rh8 16. hxg5 Bxg5 17. Qh5+ Kd7 18. Qf7+ Kc8 19. Rxh7 Nd7 20. f4 Qg8 21.
Qxd7+ 1-0

[Event "Challenge"]
[Site "http://www.queenalice.com/game.php?id=1496464"]
[Date "2017.9.25"]
[Round "-"]
[White "jamesxirb"]
[Black "arlesiana"]
[Result "1-0"]
[WhiteElo "1530"]
[BlackElo "1375"]

1. e4 e5 2. Qf3 f6 3. Qd1 d6 4. d4 Nc6 5. d5 f5 6. dxc6 fxe4 7. f3 exf3 8. Qxf3
Rb8 9. cxb7 Bxb7 10. Bb5+ Ke7 11. Bg5+ Nf6 12. Qf5 h6 13. Bc4 Ke8 14. Qe6+ Be7
15. Qf7+ Kd7 16. Qe6+ Kc6 17. Be3 Bc8 18. Qf7 Ne8 19. Qd5+ Kd7 20. Nf3 Bf6 21.
Qe6+ Kc6 22. Bd5+ Kb5 23. c4+ Ka5 24. Bd2+ Kb6 25. Be3+ Ka6 26. Qf7 Rxb2 27. g3
Bg4 28. Rf1 Bxf3 29. Rxf3 Rxh2 30. Bg1 Rh1 31. Rf1 h5 32. Bxh1 c6 33. Qxa7# 1-0

[Event "Challenge"]
[Site "http://www.queenalice.com/game.php?id=1496465"]
[Date "2017.9.25"]
[Round "-"]
[White "jamesxirb"]
[Black "arlesiana"]
[Result "1-0"]
[WhiteElo "1612"]
[BlackElo "1342"]

1. e4 e5 2. Qf3 f6 3. Qd1 d6 4. d4 Nc6 5. d5 f5 6. dxc6 fxe4 7. f3 exf3 8. Qxf3
Rb8 9. cxb7 Bxb7 10. Bb5+ Ke7 11. Bg5+ Nf6 12. Qg4 h6 13. Bxf6+ gxf6 14. Bc4 d5
15. Be2 c6 16. Qh4 Ke8 17. Bh5+ Ke7 18. Qb4+ Kd7 19. Qg4+ Ke7 20. Qg6 Ke6 21.
Qg4+ f5 22. Qg6+ Kd7 23. Qxf5+ Kc7 24. Qxe5+ Kc8 25. Qxh8 Ba6 26. Bg4+ Kc7 27.
Qh7+ Kb6 28. Nc3 Bc5 29. Na4+ Kb5 30. b3 Qe8+ 31. Be2+ Kb4 32. a3+ Ka5 33. Nxc5
Qe5 34. Rb1 1-0

[Event "Challenge"]
[Site "http://www.queenalice.com/game.php?id=1496466"]
[Date "2017.9.25"]
[Round "-"]
[White "antoniozla"]
[Black "arlesiana"]
[Result "1-0"]
[WhiteElo "1496"]
[BlackElo "1416"]

1. e4 e5 2. Nc3 f6 3. Bc4 c6 4. d4 c5 5. dxe5 fxe5 6. Qh5+ g6 7. Qxe5+ Ne7 8.
Qxh8 d6 9. Qxh7 Kd7 10. Nd5 b6 11. Bg5 Kc6 12. Nxe7+ Bxe7 13. Bxe7 Qd7 14. O-O-O
Qc7 15. Rxd6+ Kb7 16. e5 Nd7 17. Bd5+ Kb8 18. e6 Ne5 19. Rd8 a5 20. Qh8 Ra7 21.
Bd6 Qxd6 22. Rxd6 Kc7 23. Qd8+ Kb8 24. Rxb6+ Rb7 25. Rxb7+ 1-0

[Event "Challenge"]
[Site "http://www.queenalice.com/game.php?id=1496467"]
[Date "2017.9.25"]
[Round "-"]
[White "antoniozla"]
[Black "arlesiana"]
[Result "1-0"]
[WhiteElo "1463"]
[BlackElo "1431"]

1. d4 e6 2. Nf3 f6 3. e4 c6 4. c4 c5 5. d5 exd5 6. exd5 a6 7. Qb3 b5 8. cxb5 Qb6
9. Bc4 d6 10. O-O Bf5 11. Nc3 Nd7 12. Bf4 h5 13. Na4 Qa5 14. Qe3+ Ne7 15. Bxd6
Qxa4 16. b3 Qa3 17. Rfe1 O-O-O 18. Bxe7 Bxe7 19. Qxe7 Rde8 20. Qxg7 Be4 21. Rxe4
Ne5 22. b6 Kb8 23. Qc7+ Ka8 24. Qa7# 1-0

[Event "Challenge"]
[Site "http://www.queenalice.com/game.php?id=1496468"]
[Date "2017.9.25"]
[Round "-"]
[White "ANGELOAZZURRO"]
[Black "arlesiana"]
[Result "1-0"]
[WhiteElo "1443"]
[BlackElo "1389"]

1. e4 e5 2. Bc4 f6 3. d3 c6 4. Bxg8 Rxg8 5. Nf3 d5 6. exd5 cxd5 7. Nc3 d4 8. Nb5
a6 9. Na3 Bg4 10. h3 Bxf3 11. gxf3 Nc6 12. Bd2 Bxa3 13. bxa3 g5 14. h4 a5 15.
hxg5 fxg5 16. Rxh7 Ne7 17. c3 Nc6 18. Rxb7 Qc8 19. Rh7 Kf8 20. cxd4 Nxd4 21. Be3
Nxf3+ 22. Qxf3+ Ke8 23. Qf7+ Kd8 24. Qe7# 1-0

[Event "Challenge"]
[Site "http://www.queenalice.com/game.php?id=1496469"]
[Date "2017.9.25"]
[Round "-"]
[White "ANGELOAZZURRO"]
[Black "arlesiana"]
[Result "1-0"]
[WhiteElo "1457"]
[BlackElo "1365"]

1. e4 e5 2. Nf3 f6 3. Nc3 c6 4. Bc4 b5 5. Bxg8 Rxg8 6. h4 g5 7. hxg5 h6 8. a4
hxg5 9. axb5 a6 10. bxa6 Nxa6 11. d4 c5 12. dxe5 Nb4 13. exf6 Qxf6 14. e5 Qf5
15. Nxg5 Qxe5+ 16. Be3 Bh6 17. Rxh6 Bb7 18. Rxa8+ Bxa8 19. g3 Qf5 20. Qh5+ Kf8
21. Rh8 Nxc2+ 22. Kd2 Na1 23. Nh7+ Kg7 24. Qxf5 Kxh8 25. Bxc5 Nb3+ 26. Kc2 Na5
27. Bd4+ Rg7 28. Qf8+ 1-0

[Event "Challenge"]
[Site "http://www.queenalice.com/game.php?id=1496470"]
[Date "2017.9.25"]
[Round "-"]
[White "jbugg"]
[Black "arlesiana"]
[Result "1-0"]
[WhiteElo "1354"]
[BlackElo "1451"]

1. e4 e5 2. Nf3 d6 3. Bc4 a5 4. Ng5 Be6 5. Nxe6 fxe6 6. Bxe6 Nh6 7. Qf3 c6 8. d3
Qe7 9. Qh3 Na6 10. Nc3 Nc7 11. Bc4 d5 12. exd5 a4 13. dxc6 bxc6 14. O-O Na6 15.
Bxh6 gxh6 16. Qf3 Nb4 17. Qd1 Rg8 18. a3 Nd5 19. Qh5+ Kd8 20. Nxd5 Qg5 21. Qxg5+
Rxg5 22. Ne3 Ra7 23. b4 Rag7 24. g3 h5 25. Ng2 h4 26. Nxh4 Be7 27. Nf3 Rf5 28.
Kg2 Rf6 29. Nxe5 1-0

[Event "Challenge"]
[Site "http://www.queenalice.com/game.php?id=1536476"]
[Date "2018.7.27"]
[Round "-"]
[White "arlesiana"]
[Black "ajr"]
[Result "0-1"]
[WhiteElo "1337"]
[BlackElo "1607"]

1. e3 d5 2. c3 c5 3. Qa4+ Bd7 4. Qa3 e6 5. b4 c4 6. e4 h6 7. f3 a6 8. exd5 exd5
9. Ne2 Qe7 10. d4 Nc6 11. g4 Nf6 12. g5 hxg5 13. Bxg5 a5 14. Qc1 g6 15. Nd2 Rh5
16. Bxf6 Qxf6 17. Ng3 Qe6+ 18. Ne2 axb4 19. Qb1 Bd6 20. h4 Ra7 21. cxb4 Bxb4 0-1

[Event "Challenge"]
[Site "http://www.queenalice.com/game.php?id=1538165"]
[Date "2018.8.8"]
[Round "-"]
[White "Nikita"]
[Black "arlesiana"]
[Result "1-0"]
[WhiteElo "1477"]
[BlackElo "1321"]

1. e4 e6 2. Nf3 Nc6 3. Bb5 Na5 4. d3 a6 5. Ba4 b5 6. Bb3 f6 7. Nc3 Bb4 8. a3
Bxc3+ 9. bxc3 Ne7 10. Bf4 c6 11. c4 h5 12. Bd6 Ng6 13. cxb5 axb5 14. Nd4 Nb7 15.
a4 b4 16. h4 e5 17. Nf3 1-0

[Event "Challenge"]
[Site "http://www.queenalice.com/game.php?id=1538166"]
[Date "2018.8.8"]
[Round "-"]
[White "Nikita"]
[Black "arlesiana"]
[Result "1-0"]
[WhiteElo "1466"]
[BlackElo "1332"]

1. e4 e6 2. Bc4 b6 3. d3 a5 4. Nf3 f6 5. h4 Nc6 6. Bf4 h5 7. Nc3 Bb4 8. a3 Bxc3+
9. bxc3 Nge7 10. d4 Bb7 11. Bb5 d5 12. exd5 Nxd5 13. Bxc6+ Bxc6 14. c4 Nxf4 15.
Rh2 Rb8 16. a4 O-O 17. c5 1-0